01465nam a2200325 a 4500001001000000003000500010005001700015008004100032010001100073011001100084040000900095090001000104100004600114245016700160260004100327500006000368502013000428590004000558590004000598650004000638650003500678650003800713856007000751901000700821942001000828942000600838999001900844952013600863952014000999000111492CHAP20220329144214.0150512s2015 mx a fsm |||||||spa d a107954 a108926 cCHAP aTesis1 aMartínez Rodríguez, Juan Luis912937710aCaracterización de la cadena de suministro en las operaciones de comercio exterior:h[En línea]bretos y alternativas /cpor Juan Luis Martínez Rodríguez. aChapingo, Méx. :bEl autor,c2015. aPara ver el contenido del material haga clic en la liga aTesis (Lic. en Comercio Internacional de Productos Agropecuarios) -- UACH. División de Ciencias Económico Administrativas aE6096MTMb05c20150512lUCH01h1424 aE6096MTMb05c20150512lUCH01h143014aComercio exteriorzMéxico.92563814aComercio internacional.92564114aCompetencia internacional.926093 aFinding aiduhttp://10.13.5.2/tesis/sist111492.pdfzTeclea aquí aBK cTESIS n0 c107954d107954 00104054718TESISaBCbBCd2015-05-12fTESISl0oTesisp33724002482785r2019-12-31 00:00:00w2019-12-31yTESISzRecien adquirido 00102local4053708TESISaBCbBCcPA_TESISd2015-05-12fTESISl0oTesisp33724002482827r2019-12-31 00:00:00tc.2w2019-12-31yTESIS